书目信息 |
| 题名: |
许振超
|
|
| 作者: | 刘新平 著 | |
| 分册: | ||
| 出版信息: | 长春 吉林文史出版社 2012 |
|
| 页数: | 125页 | |
| 开本: | 22cm | |
| 丛书名: | 《100位新中国成立以来感动中国人物》丛书 | |
| 单 册: | ||
| 中图分类: | K828.1=76 , K828.1 | |
| 科图分类: | ||
| 主题词: | 工人--生平事迹--中国--现代 | |
| 电子资源: | ||
| ISBN: | 978-7-5472-1385-8 | |
| 000 | 00981oam2 2200277 450 | |
| 001 | 2372630297 | |
| 005 | 20231117220403.38 | |
| 010 | @a978-7-5472-1385-8@dCNY29.80 | |
| 100 | @a20141211d2012 em y0chiy50 ea | |
| 101 | 0 | @achi |
| 102 | @aCN@b220000 | |
| 105 | @aa z 000yd | |
| 200 | 1 | @a许振超@Axu zhen chao@f刘新平著 |
| 210 | @a长春@c吉林文史出版社@d2012 | |
| 215 | @a125页@c照片@d22cm | |
| 225 | 2 | @a《100位新中国成立以来感动中国人物》丛书 |
| 300 | @a国家出版基金项目 社会主义核心价值体系建设“双百”出版工程项目 | |
| 330 | @a本书介绍了中国科协常委、全国人大常委——许振超的生平事迹。内容包括:蓝领专家的奉献人生、临危受命、巅峰之战、男儿有泪、旗帜、热爱工作,热爱生活。 | |
| 410 | 0 | @12001 @a《100位新中国成立以来感动中国人物》丛书 |
| 606 | 0 | @a工人@x生平事迹@y中国@z现代 |
| 610 | 0 | @a许振超(1950-) |
| 690 | @aK828.1=76@v5 | |
| 690 | @aK828.1@v4 | |
| 701 | 0 | @a刘新平@Aliu xin ping@c(传记)@4著 |
| 801 | 0 | @aCN@b91MARC@c20150426 |
| 905 | @aZUCC@dK828.1@e21 | |
| 许振超/刘新平著.-长春:吉林文史出版社,2012 |
| 125页:照片;22cm.-(《100位新中国成立以来感动中国人物》丛书) |
| 国家出版基金项目 社会主义核心价值体系建设“双百”出版工程项目 |
| ISBN 978-7-5472-1385-8:CNY29.80 |
| 本书介绍了中国科协常委、全国人大常委——许振超的生平事迹。内容包括:蓝领专家的奉献人生、临危受命、巅峰之战、男儿有泪、旗帜、热爱工作,热爱生活。 |
| ● |
| 相关链接 |
|
|
|
正题名:许振超
索取号:K828.1/21
 
预约/预借
| 序号 | 登录号 | 条形码 | 馆藏地/架位号 | 状态 | 备注 |
| 1 | 2001008869 | 2001008869 | 第四书库/四31架A面1层3列/ [索取号:K828.1/21] | 在馆 | |
| 2 | 2001008870 | 2001008870 | 第四书库/四31架A面1层3列/ [索取号:K828.1/21] | 在馆 | |
| 3 | 2001008871 | 2001008871 | 培训中心一楼图书角/培训中心西北4行1列/ [索取号:K828.1/21] | 在馆 | |
| 4 | 2001008872 | 2001008872 | 培训中心一楼图书角/培训中心西北4行1列/ [索取号:K828.1/21] | 在馆 | |
| 5 | 2001008873 | 2001008873 | 培训中心一楼图书角/培训中心西北4行1列/ [索取号:K828.1/21] | 在馆 | |
| 6 | 2001008874 | 2001008874 | 第四书库/四31架A面1层3列/ [索取号:K828.1/21] | 在馆 |